Arminia Bielefeld Squad 2021-2022 - Statistics

General Stats
  • This quiz has been taken 53 times
  • The average score is 17 of 28
Answer Stats
# Position Nation Player % Correct
1 GK Germany Stefan Ortega
92%
9 FW Germany Fabian Klos
89%
3 DF Portugal Guilherme Ramos
76%
2 DF Germany Amos Pieper
74%
11 MF Japan Masaya Okugawa
74%
20 FW Austria Patrick Wimmer
74%
4 DF Sweden Joakim Nilsson
71%
30 DF Panama Andrés Andrade
68%
27 DF Switzerland Cédric Brunner
68%
19 MF Austria Manuel Prietl
68%
10 FW France Bryan Lasme
66%
24 DF United States George Bello
66%
21 FW Germany Robin Hack
66%
- Coach Germany Frank Kramer
63%
13 GK Greece Stefanos Kapino
63%
5 DF Denmark Jacob Barrett Laursen
58%
17 MF Turkey Burak İnce
55%
23 FW Germany Janni Serra
55%
15 DF Belgium Nathan de Medina
55%
39 MF Greece Sebastian Vasiliadis
55%
37 MF Russia Vladislav Cherny
55%
35 GK Germany Arne Schulz
50%
8 MF Austria Alessandro Schöpf
47%
18 FW Germany Florian Krüger
45%
16 MF Germany Fabian Kunze
42%
7 MF Germany Gonzalo Castro
39%
22 MF Switzerland Edimilson Fernandes
26%
6 DF Germany Lennart Czyborra
13%
No matching quizzes found
Score Distribution
Percent of People with Each Score
Percentile by Number Answered
Your Score History
You have not taken this quiz